Представление документа в формате RUSMARC

Поле Инд. ПП Название Значение
Тип записи a
Библиографический уровень a
001 Контрольный номер RU/REP/BASE/00008358
005 Дата корректировки 20181224170404.4
200 1_ a Заглавие Об объекте преступлений, предусмотренных статьями 195 - 197 Уголовного кодекса Российской Федерации
f Первые сведения об ответственности Ю.В. Морозова
b Общее обозначение материала Текст
210 1_ d Дата издания 2015
461 _0 1 001RU/REP/BASE/00010629
1 2001
a Закон и право
463 _1 1 20002
a №3.
v С. 78-80
1 2101
d 2015
610 0_ a Ключевые слова УГОЛОВНОЕ ПРАВО РФ, НЕСОСТОЯТЕЛЬНОСТЬ (БАНКРОТСТВО), ОБЪЕКТ ПРЕСТУПЛЕНИЯ, ПРЕСТУПЛЕНИЯ ЭКОНОМИЧЕСКИЕ
700 _1 a Фамилия Морозова
b Имя Ю.В.
901 t Тип документа b
w Контрольный № источника 5a23989cd0b04ff181632af5680417df